000 00428nam a2200169Ia 4500
005 20250423100724.0
008 250422s9999 xx 000 0 und d
020 _a1557982414
050 _aBF 76.7 .P82/
245 0 _aPublication manual of the American psychological association
250 _a4th ed.
260 _aUSA
260 _bAmerican psychological association
260 _c1994
300 _a368 p
942 _cBK
999 _c34156
_d34156